000 00592nam a2200229Ia 4500
003 OSt
005 20220918215908.0
006 a|||||r|||| 00| 0
007 ta
008 220917b |||||||| |||| 00| 0 eng d
024 _a143,247
037 _cTextual
040 _aARTS
_cARTS
_beng
041 _2eng
_aeng
082 _aY131:32:298, K1-;1
100 _aLeach E.R.
_979847
245 0 _aPul Eliya
_b A village in Ceylon
260 _aNA
_bNA
_c1961
650 _aSOCIOLOGY
942 _hY131:32:298, K1-;1
_cTEXL
_2CC
999 _c266200
_d266200